| 000 | 00378nam a2200109Ia 4500 | ||
|---|---|---|---|
| 008 | 160909s9999 xx 000 0 und d | ||
| 100 | _aGrillo, Daniel | ||
| 245 | _aEmployee Expectations and Job Satisfaction in Adventure Education | ||
| 260 |
_bPrescott College. _c2016 |
||
| 650 | _aHUMAN RESOURCE MANAGEMENT | ||
| 856 | _uhttp://pqdtopen.proquest.com/doc/1797416227.html?FMT=ABS | ||
| 999 |
_c304664 _d304664 |
||